Pick the Meryl Streep Movie Quiz Stats

 Plays Quiz Updated Nov 3, 2017

Challenge
Share
Tweet
Embed
Score 0/16 Timer 03:00
6 Plays Today
Question Answer Wrong Answers
Which one of these films stars Meryl Streep? The Devil Wears Prada
96.7%
Short Cuts
0.7%
The Aviator
0.5%
Star Wars
0.2%
Which one of these films stars Meryl Streep? Postcards from the Edge
96.3%
The Matrix
0.6%
The Dark Knight
0.6%
The Terminator
0.5%
Which one of these films stars Meryl Streep? Sophie's Choice
93.7%
Raise The Red Lantern
1.9%
Lost in Translation
1.7%
Gone Girl
0.7%
Which one of these films stars Meryl Streep? The French Lieutenant's Woman
93.1%
The Blair Witch Project
1.3%
Moulin Rouge
2.6%
The Breakfast Club
1.2%
Which one of these films stars Meryl Streep? The Bridges of Madison County
89%
Close-Up
4.4%
Precious
2.1%
One Flew Over the Cuckoo's Nest
2.4%
Which one of these films stars Meryl Streep? August: Osage County
88.7%
Terminator 2: Judgment Day
0.5%
Chicago
4.8%
Computer Chess
4.2%
Which one of these films stars Meryl Streep? Florence Foster Jenkins
88.3%
Trainspotting
2.3%
Capote
5.3%
The Wolf of Wall Street
2.1%
Which one of these films stars Meryl Streep? Out of Africa
87.6%
Glengarry Glen Ross
7.4%
A Beautiful Mind
2.7%
Ghostbusters
0.4%
Which one of these films stars Meryl Streep? Doubt
85%
Eyes Wide Shut
5.1%
Munich
7.3%
Jaws
0.5%
Which one of these films stars Meryl Streep? Silkwood
83.5%
Fast, Cheap & Out of Control
5.3%
Sideways
7.9%
The Goonies
1.4%
Which one of these films stars Meryl Streep? Evil Angels
83.3%
Se7en
6.1%
Million Dollar Baby
4.8%
The Shining
3.7%
Which one of these films stars Meryl Streep? Ironweed
77.3%
Naked
10%
Eternal Sunshine of the Spotless Mind
7%
The Princess Bride
3.6%
Which one of these films stars Meryl Streep? Adaptation.
77.2%
Election
12.7%
Gangs of New York
4.5%
A Clockwork Orange
3.6%
Which one of these films stars Meryl Streep? One True Thing
76.1%
The Thin Red Line
11.1%
Crash
5.3%
Apocalypse Now
5.5%
Which one of these films stars Meryl Streep? The Deer Hunter
75.9%
All About My Mother
19%
Slumdog Millionaire
0.6%
The Loneliest Planet
2.6%
Which one of these films stars Meryl Streep? Music of the Heart
66%
Irma Vep
17.9%
Ray
1.9%
Chinatown
12.2%

You're not logged in!

Compare scores with friends on all Sporcle quizzes.
Join for Free
OR
Log In

You Might Also Like...

Show Comments

Extras

Top Quizzes Today


Score Distribution

Your Account Isn't Verified!

In order to create a playlist on Sporcle, you need to verify the email address you used during registration. Go to your Sporcle Settings to finish the process.

Report this User

Report this user for behavior that violates our Community Guidelines.

Details: